[Event "Tbilisi WGP 2024"]
[Site "Tbilisi GEO"]
[Date "2024.08.24"]
[Round "9.5"]
[White "Muzychuk, Mariya"]
[Black "Kashlinskaya, Alina"]
[Result "0-1"]
[WhiteTitle "GM"]
[BlackTitle "IM"]
[WhiteElo "2508"]
[BlackElo "2474"]
[WhiteFideId "14114550"]
[BlackFideId "4198026"]
[EventDate "2024.08.15"]

1. e4 e5 2. Nf3 Nc6 3. Bb5 a6 4. Ba4 Nf6 5. O-O Be7 6. Re1 b5 7. Bb3 d6 8. c3
O-O 9. h3 Bb7 10. d4 Re8 11. Nbd2 Bf8 12. Bc2 Nb8 13. a4 Nbd7 14. Bd3 c6 15. Qc2
h6 16. Nf1 exd4 17. cxd4 c5 18. Ng3 c4 19. Bf1 d5 20. e5 Ne4 21. Bf4 Nb8 22.
Nxe4 dxe4 23. Nd2 Nc6 24. Nxe4 Nxd4 25. Qc3 Bxe4 26. Rxe4 Nb3 27. Rae1 Nc5 28.
Rd4 Qc8 29. a5 Ne6 30. Rde4 Nxf4 31. Rxf4 Qe6 32. Rfe4 Rad8 33. Kh2 Qf5 34. f3
Rd5 35. g4 Qd7 36. Kg3 Bc5 37. R1e2 Rd3 38. Qc2 Qd5 39. Kg2 Rxe5 40. Qc1 Rxe4
41. Rxe4 Rd2+ 42. Be2 Qd3 43. Qe1 Rxb2 44. h4 c3 45. g5 h5 46. Kg3 Qd6+ 47. Kh3
Qd7+ 48. Kg3 c2 49. Qc3 Rb1 50. Qxc2 Qc7+ 51. f4 Bf2+ 0-1